| 000 | 01144nam a2200265 i 4500 | ||
|---|---|---|---|
| 001 | 34651 | ||
| 003 | ES-MaACL | ||
| 005 | 20260327151413.0 | ||
| 007 | t| | ||
| 008 | 030207s1916 sp ||||1| spa d | ||
| 100 | 1 |
_aBonilla y San Martín, Adolfo, _d1875-1926 _930193 |
|
| 245 | 1 | 0 |
_aConferencia del Señor D. Adolfo Bonilla y San Martín pronunciada el 12 de abril de 1916 _b: tema: La crisis de la soberanía nacional, y el fantasma de la representación parlamentaria. |
| 260 |
_aMadrid : _b[s.n.], _c1916 ( _ffEstab. Tip. de Jaime Ratés) |
||
| 300 |
_a39 p. ; _c22 cm. |
||
| 530 | _aDisponible en formato digital. | ||
| 594 | _aPrecede al título: Real Academia de Jurisprudencia y Legislación. | ||
| 650 | 0 | 4 |
_aSoberanía. _917146 |
| 650 | 4 |
_aGobierno representativo. _9138674 |
|
| 700 |
_aReal Academia de Jurisprudencia y Legislación de España _9217612 |
||
| 852 |
_aES-MaACL _j1499-F-11 _cDEPOF |
||
| 852 |
_aES-MaACL _j1529-F-13 _9 35923 _cDEPOF _zRevisado enlace: 27 de Marzo de 2025. |
||
| 856 | 4 |
_uhttp://bdh-rd.bne.es/viewer.vm?id=0000113172&page=1 _yBiblioteca Digital Hispánica |
|
| 942 | _2udc | ||
| 999 |
_c34651 _d34651 |
||